Normal view
MARC view
- Verner, V
Entry Personal Name
001 - CONTROL NUMBER
- control field: 6607
003 - CONTROL NUMBER IDENTIFIER
- control field: OSt
005 - DATE AND TIME OF LATEST TRANSACTION
- control field: 20241226125459.0
008 - FIXED-LENGTH DATA ELEMENTS
- fixed length control field: 241226|| aca||aabn | a|a d
040 ## - CATALOGING SOURCE
- Original cataloging agency: OSt
- Transcribing agency: OSt
100 ## - HEADING--PERSONAL NAME
- Personal name: Verner, V
670 ## - SOURCE DATA FOUND
- Source citation: Work cat.: (OSt)18526: Vartanov, G 6606, Repair shop electrician /
